00478nam a2200205Ia 4500003000900000008004100009040001300050040001300063041000800076100002200084245002300106250000900129260002700138260000900165300001100174300001000185490005000195490000600245700002100251IT-RoPAU120407s9999 xx 000 0 und d aIT-RoPAU cIT-RoPAU aita aMonaldo Bresciani aStatisti cattolici aRoma aEdizione dei Due Cuori c1989 a125 p. c21 cm aQuaderni di studi storici sulla cristianità v1 aEnnio Innocenti